|
|
|
|
| LEADER |
00000nab a2200000 a 4500 |
| 001 |
vtls011110458 |
| 003 |
SK-MaSNL |
| 005 |
20260303150422.0 |
| 008 |
230222|2007 xo |||||||||||||||||slo| |
| 015 |
|
|
|a SNBRB
|
| 035 |
|
|
|a (uuid)bf3950ec-4cfa-4867-9497-421efc33cc19
|
| 035 |
|
|
|a (urnnbn)urn:nbn:sk:snk:ar-a08e7c
|
| 035 |
|
|
|a urn:nbn:sk:snk-ab9gyq
|
| 040 |
|
|
|a SNKBUCL
|b slo
|c SNKBUCL
|e AACR2
|
| 041 |
0 |
|
|a slo
|
| 044 |
|
|
|a xo
|c SK
|
| 100 |
1 |
|
|a Hatiar, Karol
|4 aut
|9 8431
|
| 245 |
1 |
0 |
|a HCS MODEL 3E - MIKRO-RIEŠENIE MAKRO-PROBLÉMOV - II/II
|c Karol Hatiar, Thomas M. Cook, Peter Sakál
|
| 246 |
3 |
|
|a HCS MODEL 3E - MICRO-SOLUTION OF MACRO-PROBLEMS - II/II
|
| 700 |
1 |
|
|a Thomas M. Cook
|4 aut
|9 786277
|
| 700 |
1 |
|
|a Sakál, Peter,
|d 1951-
|4 aut
|9 207822
|
| 773 |
0 |
|
|t Vedecké práce Materiálovotechnologickej fakulty Slovenskej technickej univerzity v Bratislave so sídlom v Trnave
|g Č. 22 (2007), s. 31-38
|
| 954 |
|
|
|a odborná, vedecká literatúra pôvodná (slovenská)
|2 lita
|
| 958 |
|
|
|a OND
|
| 958 |
|
|
|a EUIPO
|
| 958 |
|
|
|a article13
|
| 999 |
|
|
|c 2010515
|d 2012445
|